[Event "Amateur Tournament (ATO)"]
[Site "https://www.chess.com"]
[Date "2025.07.15"]
[Round "1"]
[White "Ploder, Udo"]
[Black "Aleksenko, Kirill"]
[Result "0-1"]
[Board "13"]
[WhiteFideId "4699955"]
[BlackFideId "1364413"]
[WhiteElo "1886"]
[BlackElo "1707"]
[WhiteTeam "GER"]
[BlackTeam "SUI"]
[WhiteClock "0:53:05"]
[BlackClock "0:58:24"]
[Variant "Standard"]

1. e4 {[%clk 1:30:58]}  d5 {[%clk 1:30:55]} 2. exd5 {[%clk 1:30:58]}  Qxd5 {[%clk 1:31:17]} 3. Nc3 {[%clk 1:31:01]}  Qd8 {[%clk 1:31:24]} 4. d4 {[%clk 1:30:59]}  Nf6 {[%clk 1:31:30]} 5. Nf3 {[%clk 1:30:58]}  e6 {[%clk 1:30:49]} 6. Bd3 {[%clk 1:28:04]}  h6 {[%clk 1:29:01]} 7. O-O {[%clk 1:26:36]}  Bb4 {[%clk 1:27:32]} 8. Ne4 {[%clk 1:26:17]}  Nbd7 {[%clk 1:23:30]} 9. c4 {[%clk 1:24:39]}  Nxe4 {[%clk 1:17:55]} 10. Bxe4 {[%clk 1:22:47]}  Nf6 {[%clk 1:18:18]} 11. Bd3 {[%clk 1:20:15]}  Be7 {[%clk 1:16:13]} 12. Be3 {[%clk 1:19:42]}  b6 {[%clk 1:09:54]} 13. Ne5 {[%clk 1:17:18]}  O-O {[%clk 1:07:32]} 14. Qf3 {[%clk 1:15:50]}  Bd7 {[%clk 1:06:15]} 15. Rfd1 {[%clk 1:05:31]}  Bd6 {[%clk 1:03:37]} 16. Rac1 {[%clk 1:00:23]}  Qe7 {[%clk 1:03:08]} 17. Bb1 {[%clk 0:54:24]}  Bxe5 {[%clk 0:58:05]} 18. dxe5 {[%clk 0:53:09]}  Nh7 {[%clk 0:58:24]} 19. Bxh6 {[%clk 0:53:05]} 0-1

[Event "Amateur Tournament (ATO)"]
[Site "https://www.chess.com"]
[Date "2025.07.15"]
[Round "1"]
[White "Trachsel, Peter"]
[Black "Mueller, Andrin"]
[Result "0-1"]
[Board "14"]
[WhiteFideId "1303058"]
[BlackFideId "1348809"]
[WhiteElo "1695"]
[BlackElo "1884"]
[WhiteTeam "SUI"]
[BlackTeam "SUI"]
[WhiteClock "0:31:07"]
[BlackClock "0:24:59"]
[Variant "Standard"]

1. c4 {[%clk 1:30:51]}  c5 {[%clk 1:30:50]} 2. Nc3 {[%clk 1:30:59]}  Nc6 {[%clk 1:31:04]} 3. Nf3 {[%clk 1:31:00]}  g6 {[%clk 1:29:13]} 4. g3 {[%clk 1:30:19]}  Bg7 {[%clk 1:28:31]} 5. Bg2 {[%clk 1:30:04]}  Nf6 {[%clk 1:26:51]} 6. d4 {[%clk 1:27:28]}  cxd4 {[%clk 1:24:18]} 7. Nxd4 {[%clk 1:27:36]}  O-O {[%clk 1:22:40]} 8. O-O {[%clk 1:26:19]}  Re8 {[%clk 1:06:54]} 9. Nxc6 {[%clk 1:23:21]}  dxc6 {[%clk 1:06:11]} 10. Qc2 {[%clk 1:15:11]}  e5 {[%clk 1:01:09]} 11. b3 {[%clk 1:06:31]}  Bf5 {[%clk 0:58:35]} 12. e4 {[%clk 1:03:17]}  Be6 {[%clk 0:58:29]} 13. Bb2 {[%clk 1:01:14]}  Qc7 {[%clk 0:57:04]} 14. Rad1 {[%clk 1:00:08]}  Rad8 {[%clk 0:55:43]} 15. Na4 {[%clk 0:53:19]}  b6 {[%clk 0:52:35]} 16. Rfe1 {[%clk 0:47:26]}  h5 {[%clk 0:39:28]} 17. Rxd8 {[%clk 0:45:09]}  Rxd8 {[%clk 0:39:21]} 18. Rd1 {[%clk 0:45:02]}  Rxd1+ {[%clk 0:39:11]} 19. Qxd1 {[%clk 0:45:20]}  Qd7 {[%clk 0:38:38]} 20. Qd6 {[%clk 0:38:14]}  Qd8 {[%clk 0:38:38]} 21. Qd7 {[%clk 0:38:14]}  Nxd7 {[%clk 0:38:57]} 22. Bc3 {[%clk 0:33:52]}  f6 {[%clk 0:30:33]} 23. Bd2 {[%clk 0:31:07]}  Kh7 {[%clk 0:24:59]} 0-1

[Event "Amateur Tournament (ATO)"]
[Site "https://www.chess.com"]
[Date "2025.07.15"]
[Round "1"]
[White "Haas, Anthony"]
[Black "Kern, Beat"]
[Result "1-0"]
[Board "15"]
[WhiteFideId "1346407"]
[BlackFideId "829072"]
[WhiteElo "1883"]
[BlackElo "1695"]
[WhiteTeam "SUI"]
[BlackTeam "SUI"]
[WhiteClock "0:05:31"]
[BlackClock "0:14:42"]
[Variant "Standard"]

1. d4 {[%clk 1:30:57]}  Nf6 {[%clk 1:30:39]} 2. c4 {[%clk 1:31:20]}  e6 {[%clk 1:30:44]} 3. g3 {[%clk 1:31:45]}  d5 {[%clk 1:30:47]} 4. Bg2 {[%clk 1:32:00]}  Be7 {[%clk 1:30:14]} 5. Nf3 {[%clk 1:32:25]}  O-O {[%clk 1:30:20]} 6. O-O {[%clk 1:32:51]}  c5 {[%clk 1:30:06]} 7. cxd5 {[%clk 1:32:43]}  exd5 {[%clk 1:29:50]} 8. Nc3 {[%clk 1:30:47]}  Nc6 {[%clk 1:28:19]} 9. e3 {[%clk 1:28:29]}  Rb8 {[%clk 1:23:50]} 10. dxc5 {[%clk 1:26:04]}  Bxc5 {[%clk 1:22:16]} 11. Qb3 {[%clk 1:15:38]}  a6 {[%clk 1:16:35]} 12. Rd1 {[%clk 1:09:24]}  Be6 {[%clk 1:14:25]} 13. Ng5 {[%clk 1:02:37]}  Qe7 {[%clk 1:04:49]} 14. Nxe6 {[%clk 0:57:54]}  fxe6 {[%clk 1:02:43]} 15. h3 {[%clk 0:44:20]}  b5 {[%clk 0:58:03]} 16. Ne2 {[%clk 0:36:55]}  Rbc8 {[%clk 0:49:35]} 17. Bd2 {[%clk 0:31:10]}  Qf7 {[%clk 0:44:28]} 18. Rf1 {[%clk 0:26:24]}  Kh8 {[%clk 0:37:31]} 19. Rac1 {[%clk 0:21:43]}  Bb6 {[%clk 0:36:40]} 20. a4 {[%clk 0:15:53]}  Na7 {[%clk 0:33:52]} 21. Bb4 {[%clk 0:12:35]}  Rxc1 {[%clk 0:32:47]} 22. Rxc1 {[%clk 0:12:40]}  Rc8 {[%clk 0:33:00]} 23. Rxc8+ {[%clk 0:12:29]}  Nxc8 {[%clk 0:33:13]} 24. axb5 {[%clk 0:12:35]}  axb5 {[%clk 0:31:36]} 25. Qc3 {[%clk 0:11:18]}  Qc7 {[%clk 0:29:58]} 26. Nd4 {[%clk 0:09:27]}  e5 {[%clk 0:24:55]} 27. Nxb5 {[%clk 0:09:09]}  e4 {[%clk 0:22:58]} 28. Bf1 {[%clk 0:05:27]}  d4 {[%clk 0:19:51]} 29. exd4 {[%clk 0:05:28]}  e3 {[%clk 0:18:17]} 30. fxe3 {[%clk 0:05:31]}  Nd7 {[%clk 0:14:42]} 1-0

[Event "Amateur Tournament (ATO)"]
[Site "https://www.chess.com"]
[Date "2025.07.15"]
[Round "1"]
[White "Strebel, Beda"]
[Black "Ruchat, Blaise"]
[Result "0-1"]
[Board "16"]
[WhiteFideId "1366432"]
[BlackFideId "1328921"]
[WhiteElo "1695"]
[BlackElo "1874"]
[WhiteTeam "SUI"]
[BlackTeam "SUI"]
[WhiteClock "0:18:30"]
[BlackClock "0:05:18"]
[Variant "Standard"]

1. e4 {[%clk 1:30:55]}  c5 {[%clk 1:30:29]} 2. Nf3 {[%clk 1:31:18]}  g6 {[%clk 1:30:26]} 3. c3 {[%clk 1:31:22]}  d5 {[%clk 1:30:07]} 4. exd5 {[%clk 1:31:17]}  Qxd5 {[%clk 1:30:33]} 5. d4 {[%clk 1:31:33]}  cxd4 {[%clk 1:26:52]} 6. Qxd4 {[%clk 1:29:34]}  Nf6 {[%clk 1:24:29]} 7. Qxd5 {[%clk 1:27:27]}  Nxd5 {[%clk 1:24:54]} 8. Bc4 {[%clk 1:27:30]}  Nb6 {[%clk 1:22:26]} 9. Bd3 {[%clk 1:23:01]}  Nc6 {[%clk 1:21:43]} 10. Be3 {[%clk 1:21:20]}  Bg7 {[%clk 1:21:43]} 11. h3 {[%clk 1:12:04]}  Nd5 {[%clk 1:15:33]} 12. Bd2 {[%clk 1:10:31]}  a6 {[%clk 1:02:30]} 13. a4 {[%clk 1:07:22]}  O-O {[%clk 0:59:38]} 14. O-O {[%clk 1:05:58]}  e5 {[%clk 0:44:15]} 15. Re1 {[%clk 0:55:42]}  Rd8 {[%clk 0:40:39]} 16. Bc2 {[%clk 0:49:21]}  f6 {[%clk 0:37:51]} 17. Re2 {[%clk 0:43:35]}  Be6 {[%clk 0:28:10]} 18. a5 {[%clk 0:39:29]}  Bf7 {[%clk 0:28:03]} 19. Na3 {[%clk 0:39:04]}  Rac8 {[%clk 0:26:14]} 20. Nb1 {[%clk 0:35:02]}  Nde7 {[%clk 0:15:07]} 21. Be3 {[%clk 0:32:26]}  Nd5 {[%clk 0:11:17]} 22. Bd2 {[%clk 0:32:23]}  Bf8 {[%clk 0:11:21]} 23. Nh2 {[%clk 0:31:50]}  f5 {[%clk 0:09:23]} 24. Nf1 {[%clk 0:31:13]}  Kg7 {[%clk 0:08:40]} 25. Ne3 {[%clk 0:29:26]}  Kf6 {[%clk 0:05:18]} 26. g4 {[%clk 0:18:30]} 0-1

[Event "Amateur Tournament (ATO)"]
[Site "https://www.chess.com"]
[Date "2025.07.15"]
[Round "1"]
[White "Tereshchenko, Eliza"]
[Black "Steiner, Remo"]
[Result "1-0"]
[Board "17"]
[WhiteFideId "34389890"]
[BlackFideId "1360973"]
[WhiteElo "1874"]
[BlackElo "1690"]
[WhiteTeam "FID"]
[BlackTeam "SUI"]
[WhiteClock "0:40:17"]
[BlackClock "0:02:06"]
[Variant "Standard"]

1. d4 {[%clk 1:30:43]}  d5 {[%clk 1:30:33]} 2. Nf3 {[%clk 1:31:01]}  Nf6 {[%clk 1:30:47]} 3. g3 {[%clk 1:31:12]}  g6 {[%clk 1:29:13]} 4. Bg2 {[%clk 1:31:29]}  Bg7 {[%clk 1:29:34]} 5. O-O {[%clk 1:31:39]}  O-O {[%clk 1:29:04]} 6. c4 {[%clk 1:32:03]}  dxc4 {[%clk 1:27:48]} 7. Na3 {[%clk 1:32:20]}  Nc6 {[%clk 1:18:42]} 8. Nxc4 {[%clk 1:31:26]}  Be6 {[%clk 1:16:18]} 9. Nce5 {[%clk 1:29:41]}  Bd5 {[%clk 1:15:05]} 10. Nxc6 {[%clk 1:20:05]}  Bxc6 {[%clk 1:15:13]} 11. Bf4 {[%clk 1:18:27]}  Nd5 {[%clk 1:01:01]} 12. Bg5 {[%clk 1:14:23]}  h6 {[%clk 0:59:02]} 13. Bd2 {[%clk 1:13:50]}  Nf6 {[%clk 0:44:01]} 14. Bc3 {[%clk 1:08:09]}  Ne4 {[%clk 0:36:29]} 15. Qd3 {[%clk 1:05:14]}  Nxc3 {[%clk 0:27:33]} 16. bxc3 {[%clk 1:05:31]}  Qd6 {[%clk 0:21:35]} 17. e4 {[%clk 1:02:03]}  Rad8 {[%clk 0:21:16]} 18. Rfd1 {[%clk 0:59:31]}  e6 {[%clk 0:14:01]} 19. Nd2 {[%clk 0:57:02]}  f5 {[%clk 0:08:21]} 20. Nc4 {[%clk 0:53:54]}  Qe7 {[%clk 0:07:54]} 21. Na5 {[%clk 0:51:40]}  fxe4 {[%clk 0:03:10]} 22. Nxc6 {[%clk 0:49:45]}  bxc6 {[%clk 0:03:32]} 23. Qxe4 {[%clk 0:50:05]}  Qf6 {[%clk 0:03:10]} 24. Qxc6 {[%clk 0:46:26]}  Qxf2+ {[%clk 0:02:04]} 25. Kh1 {[%clk 0:46:53]}  Qf7 {[%clk 0:01:39]} 26. Rf1 {[%clk 0:42:55]}  Qe7 {[%clk 0:02:00]} 27. Rxf8+ {[%clk 0:40:01]}  Rxf8 {[%clk 0:02:06]} 28. Re1 {[%clk 0:40:17]} 1-0

[Event "Amateur Tournament (ATO)"]
[Site "https://www.chess.com"]
[Date "2025.07.15"]
[Round "1"]
[White "Klas, Friedrich Guenther"]
[Black "Leuenberger, Urs"]
[Result "0-1"]
[Board "18"]
[WhiteFideId "24669970"]
[BlackFideId "1310585"]
[WhiteElo "1686"]
[BlackElo "1859"]
[WhiteTeam "GER"]
[BlackTeam "SUI"]
[WhiteClock "1:02:01"]
[BlackClock "0:53:57"]
[Variant "Standard"]

1. d4 {[%clk 1:29:33]}  Nf6 {[%clk 1:30:33]} 2. Nf3 {[%clk 1:29:51]}  e6 {[%clk 1:30:34]} 3. Bf4 {[%clk 1:30:11]}  d5 {[%clk 1:30:33]} 4. e3 {[%clk 1:29:51]}  Bd6 {[%clk 1:28:55]} 5. Bg3 {[%clk 1:24:00]}  Bxg3 {[%clk 1:27:11]} 6. fxg3 {[%clk 1:24:28]}  Nbd7 {[%clk 1:26:39]} 7. Bd3 {[%clk 1:22:10]}  c5 {[%clk 1:26:13]} 8. c3 {[%clk 1:22:38]}  Qb6 {[%clk 1:22:50]} 9. Qc1 {[%clk 1:19:51]}  Qc7 {[%clk 1:21:23]} 10. Nbd2 {[%clk 1:18:34]}  Ng4 {[%clk 1:15:04]} 11. Nf1 {[%clk 1:14:45]}  e5 {[%clk 1:14:31]} 12. dxe5 {[%clk 1:09:08]}  Ndxe5 {[%clk 1:12:32]} 13. Bb5+ {[%clk 1:08:11]}  Bd7 {[%clk 1:12:17]} 14. Bxd7+ {[%clk 1:08:38]}  Qxd7 {[%clk 1:12:23]} 15. Nxe5 {[%clk 1:05:20]}  Nxe5 {[%clk 1:12:36]} 16. Qc2 {[%clk 1:05:25]}  c4 {[%clk 1:11:24]} 17. O-O-O {[%clk 1:05:02]}  O-O {[%clk 1:09:55]} 18. Rd4 {[%clk 1:05:16]}  Nd3+ {[%clk 1:07:40]} 19. Kb1 {[%clk 1:05:16]}  Rfe8 {[%clk 1:07:03]} 20. Nd2 {[%clk 1:01:56]}  b5 {[%clk 0:57:54]} 21. Rf1 {[%clk 1:01:19]}  Qb7 {[%clk 0:57:22]} 22. Rf5 {[%clk 1:01:22]}  Rxe3 {[%clk 0:54:46]} 23. Nf3 {[%clk 1:00:51]}  Rae8 {[%clk 0:53:38]} 24. a3 {[%clk 1:01:06]}  Re1+ {[%clk 0:53:28]} 25. Ka2 {[%clk 1:01:35]}  Nc1+ {[%clk 0:53:37]} 26. Ka1 {[%clk 1:02:01]}  Nb3+ {[%clk 0:53:57]} 0-1

[Event "Amateur Tournament (ATO)"]
[Site "https://www.chess.com"]
[Date "2025.07.15"]
[Round "1"]
[White "Ye, Zhanting K."]
[Black "Filimonov, Arsenii"]
[Result "0-1"]
[Board "19"]
[WhiteFideId "2533235"]
[BlackFideId "34171584"]
[WhiteElo "1857"]
[BlackElo "1666"]
[WhiteTeam "IRL"]
[BlackTeam "SUI"]
[WhiteClock "0:48:07"]
[BlackClock "0:45:29"]
[Variant "Standard"]

1. e4 {[%clk 1:30:52]}  c5 {[%clk 1:30:53]} 2. d4 {[%clk 1:31:06]}  cxd4 {[%clk 1:31:09]} 3. c3 {[%clk 1:31:29]}  d3 {[%clk 1:31:26]} 4. c4 {[%clk 1:31:47]}  e6 {[%clk 1:31:01]} 5. Nf3 {[%clk 1:31:27]}  d6 {[%clk 1:31:12]} 6. Bxd3 {[%clk 1:31:39]}  a6 {[%clk 1:31:05]} 7. Nc3 {[%clk 1:31:39]}  Nd7 {[%clk 1:31:08]} 8. O-O {[%clk 1:31:09]}  Qc7 {[%clk 1:30:15]} 9. Bf4 {[%clk 1:30:40]}  b6 {[%clk 1:28:46]} 10. Qe2 {[%clk 1:29:56]}  Ne5 {[%clk 1:27:36]} 11. Rfd1 {[%clk 1:25:35]}  Bb7 {[%clk 1:23:33]} 12. Rd2 {[%clk 1:24:10]}  Be7 {[%clk 1:19:31]} 13. Rad1 {[%clk 1:23:39]}  Nf6 {[%clk 1:17:59]} 14. Nd4 {[%clk 1:08:30]}  Nxd3 {[%clk 1:01:16]} 15. Qxd3 {[%clk 1:03:39]}  O-O {[%clk 0:55:15]} 16. Bg3 {[%clk 0:59:14]}  Nh5 {[%clk 0:51:04]} 17. b3 {[%clk 0:57:34]}  Nxg3 {[%clk 0:50:24]} 18. Qxg3 {[%clk 0:57:42]}  Rfc8 {[%clk 0:41:20]} 19. Rd3 {[%clk 0:56:29]}  Bf6 {[%clk 0:38:35]} 20. f4 {[%clk 0:52:03]}  b5 {[%clk 0:34:53]} 21. Nde2 {[%clk 0:41:16]}  bxc4 {[%clk 0:33:10]} 22. bxc4 {[%clk 0:41:30]}  Qxc4 {[%clk 0:32:49]} 23. Rxd6 {[%clk 0:41:17]}  Bxe4 {[%clk 0:27:51]} 24. Nxe4 {[%clk 0:40:43]}  Qxe4 {[%clk 0:28:03]} 25. Qd3 {[%clk 0:32:09]}  Qxd3 {[%clk 0:27:00]} 26. R1xd3 {[%clk 0:32:18]}  Rc2 {[%clk 0:25:51]} 27. Rd2 {[%clk 0:32:36]}  Rxd2 {[%clk 0:25:21]} 28. Rxd2 {[%clk 0:32:57]}  Rd8 {[%clk 0:25:40]} 29. Rc2 {[%clk 0:32:20]}  h6 {[%clk 0:24:49]} 30. Kf2 {[%clk 0:32:34]}  Rd3 {[%clk 0:22:48]} 31. Ng1 {[%clk 0:29:17]}  Bd4+ {[%clk 0:21:29]} 32. Ke2 {[%clk 0:29:36]}  Rc3 {[%clk 0:21:43]} 33. Rxc3 {[%clk 0:29:34]}  Bxc3 {[%clk 0:22:05]} 34. Kd3 {[%clk 0:29:57]}  Bf6 {[%clk 0:21:36]} 35. Nf3 {[%clk 0:29:56]}  Kf8 {[%clk 0:21:14]} 36. Kc4 {[%clk 0:30:14]}  Be7 {[%clk 0:21:22]} 37. Ne5 {[%clk 0:29:39]}  Ke8 {[%clk 0:20:16]} 38. Nd3 {[%clk 0:27:23]}  g5 {[%clk 0:19:22]} 39. Kb3 {[%clk 0:27:23]}  Bd6 {[%clk 0:19:22]} 40. g3 {[%clk 0:56:41]}  gxf4 {[%clk 0:48:01]} 41. gxf4 {[%clk 0:57:02]}  f6 {[%clk 0:48:09]} 42. Ka4 {[%clk 0:57:07]}  e5 {[%clk 0:47:22]} 43. fxe5 {[%clk 0:55:44]}  fxe5 {[%clk 0:47:44]} 44. Ka5 {[%clk 0:53:21]}  e4 {[%clk 0:47:57]} 45. Nc1 {[%clk 0:53:29]}  Bxh2 {[%clk 0:46:51]} 46. Kxa6 {[%clk 0:52:47]}  h5 {[%clk 0:46:00]} 47. Kb5 {[%clk 0:48:49]}  Ke7 {[%clk 0:44:54]} 48. Kc5 {[%clk 0:47:43]}  Ke6 {[%clk 0:45:11]} 49. Kd4 {[%clk 0:48:05]}  Kf5 {[%clk 0:45:21]} 50. Ke3 {[%clk 0:48:07]}  Bf4+ {[%clk 0:45:29]} 0-1

[Event "Amateur Tournament (ATO)"]
[Site "https://www.chess.com"]
[Date "2025.07.15"]
[Round "1"]
[White "Juchler, Celine"]
[Black "Bangerter, Ena"]
[Result "0-1"]
[Board "20"]
[WhiteFideId "1301136"]
[BlackFideId "1344102"]
[BlackTitle "WCM"]
[WhiteElo "1654"]
[BlackElo "1852"]
[WhiteTeam "SUI"]
[BlackTeam "SUI"]
[WhiteClock "0:35:24"]
[BlackClock "0:11:03"]
[Variant "Standard"]

1. e4 {[%clk 1:30:55]}  e5 {[%clk 1:30:56]} 2. Nf3 {[%clk 1:31:15]}  Nf6 {[%clk 1:31:21]} 3. Nxe5 {[%clk 1:31:30]}  d6 {[%clk 1:31:44]} 4. Nf3 {[%clk 1:31:26]}  Nxe4 {[%clk 1:32:04]} 5. d4 {[%clk 1:31:23]}  d5 {[%clk 1:32:26]} 6. Qe2 {[%clk 1:30:48]}  Be7 {[%clk 1:29:43]} 7. Nbd2 {[%clk 1:27:35]}  Nf6 {[%clk 1:27:57]} 8. g3 {[%clk 1:26:09]}  O-O {[%clk 1:22:05]} 9. Bg2 {[%clk 1:26:11]}  Bf5 {[%clk 1:18:31]} 10. c3 {[%clk 1:24:40]}  Bd6 {[%clk 1:14:09]} 11. O-O {[%clk 1:22:43]}  c6 {[%clk 1:12:39]} 12. Nh4 {[%clk 1:18:04]}  Re8 {[%clk 1:06:31]} 13. Qf3 {[%clk 1:10:34]}  Bg4 {[%clk 1:02:54]} 14. Qd3 {[%clk 1:09:14]}  Be2 {[%clk 1:01:37]} 15. Qf5 {[%clk 1:05:59]}  Bxf1 {[%clk 1:00:06]} 16. Bxf1 {[%clk 1:05:40]}  Qd7 {[%clk 0:58:14]} 17. Qc2 {[%clk 1:02:30]}  Qe6 {[%clk 0:40:31]} 18. Ndf3 {[%clk 1:00:00]}  Ne4 {[%clk 0:29:32]} 19. Bd3 {[%clk 0:50:25]}  Nd7 {[%clk 0:27:57]} 20. Ng5 {[%clk 0:49:13]}  Nxg5 {[%clk 0:24:29]} 21. Bxg5 {[%clk 0:49:26]}  g6 {[%clk 0:23:06]} 22. Ng2 {[%clk 0:42:00]}  Qg4 {[%clk 0:17:22]} 23. h4 {[%clk 0:41:02]}  Be7 {[%clk 0:14:20]} 24. Ne3 {[%clk 0:39:24]}  Qf3 {[%clk 0:12:59]} 25. Be2 {[%clk 0:39:21]}  Qe4 {[%clk 0:13:20]} 26. Bd3 {[%clk 0:39:46]}  Qe6 {[%clk 0:13:37]} 27. Bf4 {[%clk 0:39:13]}  Nf6 {[%clk 0:12:31]} 28. Re1 {[%clk 0:33:41]}  Nh5 {[%clk 0:06:49]} 29. Qd1 {[%clk 0:30:18]}  Bf8 {[%clk 0:06:48]} 30. Bg5 {[%clk 0:25:42]}  h6 {[%clk 0:06:55]} 31. Ng2 {[%clk 0:25:07]}  Qd7 {[%clk 0:06:43]} 32. Be3 {[%clk 0:24:46]}  Re7 {[%clk 0:03:39]} 33. Be2 {[%clk 0:24:30]}  Nf6 {[%clk 0:03:49]} 34. Bd3 {[%clk 0:20:02]}  Qg4 {[%clk 0:04:00]} 35. Be2 {[%clk 0:19:10]}  Qd7 {[%clk 0:03:32]} 36. Qd2 {[%clk 0:18:03]}  Rae8 {[%clk 0:02:45]} 37. Bd3 {[%clk 0:15:26]}  Ng4 {[%clk 0:02:27]} 38. Bf4 {[%clk 0:13:17]}  Rxe1+ {[%clk 0:02:48]} 39. Nxe1 {[%clk 0:13:41]}  Bd6 {[%clk 0:01:05]} 40. Nf3 {[%clk 0:42:05]}  Bxf4 {[%clk 0:30:59]} 41. Qxf4 {[%clk 0:42:05]}  Kg7 {[%clk 0:26:22]} 42. h5 {[%clk 0:38:48]}  Nf6 {[%clk 0:16:47]} 43. hxg6 {[%clk 0:36:40]}  Nh5 {[%clk 0:10:46]} 44. Qh4 {[%clk 0:36:10]}  fxg6 {[%clk 0:11:01]} 45. Ne5 {[%clk 0:36:04]}  Qe7 {[%clk 0:10:31]} 46. Bxg6 {[%clk 0:35:32]}  Qxh4 {[%clk 0:10:49]} 47. gxh4 {[%clk 0:35:50]}  Rxe5 {[%clk 0:10:39]} 48. dxe5 {[%clk 0:35:24]}  Kxg6 {[%clk 0:11:03]} 0-1

[Event "Amateur Tournament (ATO)"]
[Site "https://www.chess.com"]
[Date "2025.07.15"]
[Round "1"]
[White "Harte, Bernd"]
[Black "Kleinhenz, Hans-Georg"]
[Result "0-1"]
[Board "22"]
[WhiteFideId "1356399"]
[BlackFideId "4634438"]
[WhiteElo "1646"]
[BlackElo "1843"]
[WhiteTeam "SUI"]
[BlackTeam "GER"]
[WhiteClock "0:00:00"]
[BlackClock "0:00:00"]
[Variant "Standard"]

1. g4 {[%clk 1:31:25]}  d5 {[%clk 1:31:22]} 2. Bg2 {[%clk 1:31:28]}  e6 {[%clk 1:31:34]} 3. c4 {[%clk 1:30:35]}  c6 {[%clk 1:31:30]} 4. cxd5 {[%clk 1:29:34]}  exd5 {[%clk 1:30:11]} 5. e3 {[%clk 1:27:43]}  Bd6 {[%clk 1:30:01]} 6. Nc3 {[%clk 1:25:41]}  Be6 {[%clk 1:29:42]} 7. d4 {[%clk 1:19:24]}  Qd7 {[%clk 1:29:19]} 8. h3 {[%clk 1:13:13]}  Ne7 {[%clk 1:29:21]} 9. Bd2 {[%clk 1:11:51]}  Na6 {[%clk 1:28:55]} 10. a3 {[%clk 1:10:09]}  Ng6 {[%clk 1:28:52]} 11. Nf3 {[%clk 1:04:36]}  c5 {[%clk 1:28:32]} 12. Qc2 {[%clk 1:01:51]}  Rc8 {[%clk 1:27:12]} 13. O-O-O {[%clk 1:00:47]}  b5 {[%clk 1:26:24]} 14. dxc5 {[%clk 0:59:50]}  Nxc5 {[%clk 1:25:46]} 15. Kb1 {[%clk 0:55:59]}  Ne4 {[%clk 1:19:09]} 16. Be1 {[%clk 0:52:52]}  b4 {[%clk 1:17:20]} 17. axb4 {[%clk 0:50:39]}  Bxb4 {[%clk 1:15:28]} 18. Qd3 {[%clk 0:48:10]}  Bxc3 {[%clk 1:14:33]} 19. Bxc3 {[%clk 0:46:28]}  Nxf2 {[%clk 1:14:11]} 20. Bxg7 {[%clk 0:43:54]}  Nxd3 {[%clk 1:13:31]} 21. Rxd3 {[%clk 0:43:51]}  Rg8 {[%clk 1:13:04]} 22. Bf6 {[%clk 0:38:34]}  Ne7 {[%clk 0:00:00]} 23. Ne5 {[%clk 0:00:00]}  Qa4 {[%clk 0:00:00]} 24. Rhd1 {[%clk 0:00:00]}  Qc2+ {[%clk 0:00:00]} 25. Ka1 {[%clk 0:00:00]}  Qxg2 {[%clk 0:00:00]} 0-1

[Event "Amateur Tournament (ATO)"]
[Site "https://www.chess.com"]
[Date "2025.07.15"]
[Round "1"]
[White "Pinelli, Gian"]
[Black "Runge, Bernd"]
[Result "1/2-1/2"]
[Board "23"]
[WhiteFideId "1348710"]
[BlackFideId "533024090"]
[WhiteElo "1841"]
[BlackElo "1642"]
[WhiteTeam "SUI"]
[BlackTeam "GER"]
[WhiteClock "0:24:52"]
[BlackClock "0:23:40"]
[Variant "Standard"]

1. d4 {[%clk 1:30:56]}  d5 {[%clk 1:30:36]} 2. c4 {[%clk 1:31:15]}  c5 {[%clk 1:29:38]} 3. cxd5 {[%clk 1:29:38]}  Qxd5 {[%clk 1:29:38]} 4. Nf3 {[%clk 1:27:22]}  cxd4 {[%clk 1:29:04]} 5. Nc3 {[%clk 1:24:20]}  Qa5 {[%clk 1:28:13]} 6. Nxd4 {[%clk 1:23:07]}  Nf6 {[%clk 1:27:25]} 7. Nb3 {[%clk 1:19:18]}  Qc7 {[%clk 1:27:02]} 8. e4 {[%clk 1:14:51]}  e6 {[%clk 0:59:34]} 9. Bd3 {[%clk 1:07:43]}  a6 {[%clk 0:44:50]} 10. Bd2 {[%clk 1:06:04]}  Bd6 {[%clk 0:42:14]} 11. Rc1 {[%clk 1:02:21]}  Nc6 {[%clk 0:40:59]} 12. h3 {[%clk 0:59:25]}  O-O {[%clk 0:37:10]} 13. O-O {[%clk 0:56:00]}  Bf4 {[%clk 0:37:03]} 14. Bxf4 {[%clk 0:54:28]}  Qxf4 {[%clk 0:37:29]} 15. Qe2 {[%clk 0:46:38]}  e5 {[%clk 0:28:49]} 16. a3 {[%clk 0:44:48]}  Qg5 {[%clk 0:24:05]} 17. Qf3 {[%clk 0:34:41]}  Nh5 {[%clk 0:21:46]} 18. Nd5 {[%clk 0:30:51]}  Rd8 {[%clk 0:17:33]} 19. Nc7 {[%clk 0:23:19]}  Nf4 {[%clk 0:15:52]} 20. Bc4 {[%clk 0:10:21]}  Bxh3 {[%clk 0:09:44]} 21. Nxa8 {[%clk 0:08:03]}  Bxg2 {[%clk 0:07:04]} 22. Qg3 {[%clk 0:07:44]}  Qxg3 {[%clk 0:05:20]} 23. fxg3 {[%clk 0:08:03]}  Bxf1 {[%clk 0:04:57]} 24. Bxf1 {[%clk 0:07:55]}  Nh5 {[%clk 0:02:40]} 25. Nc7 {[%clk 0:05:15]}  Nxg3 {[%clk 0:02:34]} 26. Bxa6 {[%clk 0:03:13]}  bxa6 {[%clk 0:02:02]} 27. Rxc6 {[%clk 0:03:35]}  Rc8 {[%clk 0:01:07]} 28. Rxa6 {[%clk 0:02:08]}  f6 {[%clk 0:01:22]} 29. Ra8 {[%clk 0:01:41]}  Rxa8 {[%clk 0:01:42]} 30. Nxa8 {[%clk 0:02:08]}  Nxe4 {[%clk 0:01:37]} 31. Nb6 {[%clk 0:02:19]}  Nd6 {[%clk 0:01:45]} 32. a4 {[%clk 0:02:42]}  Kf8 {[%clk 0:01:09]} 33. a5 {[%clk 0:03:06]}  Nb5 {[%clk 0:01:29]} 34. Nc8 {[%clk 0:01:18]}  Nc7 {[%clk 0:00:50]} 35. Nc5 {[%clk 0:01:15]}  Ke8 {[%clk 0:01:03]} 36. Nb6 {[%clk 0:00:52]}  Nb5 {[%clk 0:00:56]} 37. Nca4 {[%clk 0:00:50]}  Kd8 {[%clk 0:01:08]} 38. b4 {[%clk 0:00:50]}  Kc7 {[%clk 0:00:53]} 39. Nd5+ {[%clk 0:01:00]}  Kc6 {[%clk 0:00:45]} 40. Nac3 {[%clk 0:30:50]}  Na7 {[%clk 0:30:50]} 41. a6 {[%clk 0:30:36]}  Nc8 {[%clk 0:25:30]} 42. b5+ {[%clk 0:28:48]}  Kc5 {[%clk 0:25:02]} 43. b6 {[%clk 0:28:17]}  Nxb6 {[%clk 0:24:59]} 44. Na4+ {[%clk 0:28:36]}  Kb5 {[%clk 0:24:25]} 45. a7 {[%clk 0:27:54]}  Na8 {[%clk 0:24:10]} 46. Nab6 {[%clk 0:25:29]}  Ka6 {[%clk 0:24:23]} 47. Nc8 {[%clk 0:25:56]}  Kb7 {[%clk 0:24:05]} 48. Nde7 {[%clk 0:25:46]}  Nc7 {[%clk 0:23:24]} 49. Kf2 {[%clk 0:24:52]}  Nb5 {[%clk 0:23:40]} 1/2-1/2